00424nam a2200181Ia 4500003000400000005001700004006001900021007000300040008004100043024001000084037001200094040002000106041001300126082001800139100002200157245005400179260000900233OSt20220928145024.0a|||||r|||| 00| 0 ta220927b |||||||| |||| 00| 0 eng d a78324 cTextual aSDCLcSDCLbeng 2engaeng aO-,1K06:g, K8 aChernaik Warren L 0aPoetry of limitation b A study of Edmund Waller. c1968